01117nam a2200241I 4500001002400000003000700024005001700031007000700048008004100055040002100096035001900117050001600136082001900152130003000171245005300201260003900254300003000293500002800323856010800351856011200459506015000571506015400721encyclopediaofco016newyCaSfIA20210118004436.0cr||||780516s1971 nyu 000 0 eng d aAPLcAPLdCaSfIA a(OCoLC)3901158 4aTX349b.B4404a641.503bB466e0 aBetter homes and gardens.10aEncyclopedia of cooking.h[electronic resource]  aNew York,bMeredith Corp.,cc1971. a18 v.billus. (part col.) aVol. 18 contains index.41uhttp://www.archive.org/details/encyclopediaofco016newyzFree eBook from the Internet Archive3Volume 1642uhttp://www.openlibrary.org/books/OL24206173MzAdditional information and access via Open Library3Volume 16 fНеобхідна авторизація на https://archive.org/ (створення облікового запису безкоштовно) fНеобхідна авторизація на https://openlibrary.org/ (створення облікового запису безкоштовно)